Documentación
Na minha lista:
| Formato: | Texto |
|---|---|
| Publicado em: |
Madrid:
M.A.P.A.
|
| Tags: |
Adicionar Tag
Sem tags, seja o primeiro a adicionar uma tag!
|
MARC
| LEADER | 00000 a a2200000 04500 | ||
|---|---|---|---|
| 001 | 29475 | ||
| 003 | |||
| 040 | |||
| 090 | |a 148728 | ||
| 245 | |a Documentación | ||
| 260 | |a Madrid: |b M.A.P.A. | ||
| 300 | |a p. irreg; vol. 3 | ||
| 999 | |c 11668 |d 11668 | ||
